000 00478nam a2200181Ia 4500
005 20250326124344.0
008 250326s9999 xx 000 0 und d
037 _aTextbook
040 _aFMSL
_beng
_cFMSL
041 _aeng
_2eng
084 _aX:74 K4
_qFMSL
100 _aWheeler B O
245 0 _aBusiness: introductory analysis
_cWheeler B O
260 _aNY
_bNY, Harper & Row
_c1964
300 _a677p
942 _cTB
_hX:74 K4
999 _c1273411
_d1273411